00492nam a2200145Ia 4500100002700000650002600027942000700053366000700060245002600067260003500093082001700128546002300145999001700168952016100185 aShukla/K.K/ anuj jain  aStrength of Materials cBK f25 aStrength Of Materials bNarosa Publication Housec2014 a620.112bSHU aENGLISHcInfo.Tech c33276d33276 001040708CRCaCRCEbCRCEd2023-03-17eAllied Publisherg318.75i1238 dt 24.12.2015l2o620.112 SHUp23898r2023-11-23s2023-10-13v425.00w0000-00-00yBK